|
|
|
|
| LEADER |
01783nam a2200325 a 4500 |
| 001 |
15336620 |
| 008 |
090716s2003 nyu 000 1 eng d |
| 010 |
|
|
|a 2008274266
|
| 020 |
|
|
|a 038560484X (cased)
|
| 020 |
|
|
|a 0385604858 (tpb)
|
| 040 |
|
|
|a DLC
|c DLC
|d DLC
|
| 082 |
0 |
0 |
|a 823/.92
|2 22
|
| 100 |
1 |
|
|a Ali, Monica,
|d 1967-
|
| 245 |
1 |
0 |
|a Brick lane /
|c Monica Ali.
|
| 260 |
|
|
|a New York :
|b Doubleday,
|c 2003.
|
| 300 |
|
|
|a 413 p. ;
|c 21 cm.
|
| 541 |
1 |
|
|e 00009681
|
| 650 |
|
0 |
|a Bangladeshis
|z England
|v Fiction.
|
| 650 |
|
0 |
|a Arranged marriage
|v Fiction.
|
| 650 |
|
0 |
|a Women immigrants
|v Fiction.
|
| 650 |
|
0 |
|a Adultery
|v Fiction.
|
| 651 |
|
0 |
|a London (England)
|v Fiction.
|
| 852 |
4 |
|
|a Ayesha Abed Library
|j General Shelf.
|
| 999 |
|
|
|c 2496
|d 2496
|
| 952 |
|
|
|0 0
|1 0
|2 ddc
|4 0
|6 823_920000000000000_ALI_2003
|7 0
|9 7653
|a BRACUL
|b BRACUL
|c GEN
|d 2010-02-01
|l 5
|m 35
|o 823.92 ALI
|p 3010009681
|r 2018-10-21
|s 2018-10-02
|t 1
|w 2010-02-01
|y BK
|
| 952 |
|
|
|0 0
|1 0
|2 ddc
|4 0
|6 823_920000000000000_ALI_2003
|7 0
|9 7654
|a BRACUL
|b BRACUL
|c GEN
|d 2010-02-01
|l 4
|m 15
|o 823.92 ALI
|p 3010009567
|r 2026-03-08
|s 2026-02-26
|t 2
|w 2010-02-01
|y BK
|
| 952 |
|
|
|0 0
|1 0
|2 ddc
|4 0
|6 823_920000000000000_ALI_2003
|7 0
|9 8171
|a BRACUL
|b BRACUL
|c GEN
|d 2010-02-16
|l 5
|m 38
|o 823.92 ALI
|p 3010009563
|r 2025-09-17
|s 2025-08-26
|t 3
|w 2010-02-16
|y BK
|
| 952 |
|
|
|0 0
|1 0
|2 ddc
|4 0
|6 823_920000000000000_ALI_2003
|7 0
|9 9087
|a BRACUL
|b BRACUL
|c GEN
|d 2010-04-08
|l 7
|m 52
|o 823.92 ALI
|p 3010009564
|r 2025-03-20
|s 2024-06-02
|t 4
|w 2010-04-08
|y BK
|
| 952 |
|
|
|0 0
|1 4
|2 ddc
|4 0
|6 823_920000000000000_ALI
|7 0
|9 10698
|a BRACUL
|b BRACUL
|c GEN
|d 2010-06-06
|l 1
|o 823.92 ALI
|p 3010009565
|r 2010-06-06
|s 2010-06-06
|t 5
|w 2010-06-06
|y BK
|x Koha Inventory 2020
|
| 952 |
|
|
|0 0
|1 0
|2 ddc
|4 0
|6 823_920000000000000_ALI
|7 0
|9 55172
|a SCL
|b SCL
|c GEN
|d 2015-08-11
|l 5
|m 19
|o 823.92 ALI
|p 3020008143
|r 2019-04-08
|s 2019-01-22
|t 6
|w 2015-08-11
|y BK
|